| 000 | 01396cam a22003494a 4500 | ||
|---|---|---|---|
| 001 | 16282249 | ||
| 005 | 20110318090111.0 | ||
| 008 | 100614s2010 ilu b 001 0 eng | ||
| 010 | _a 2010024934 | ||
| 020 | _a1608460916 (alk. paper) | ||
| 020 | _a9781608460915 (alk. paper) | ||
| 035 | _a(OCoLC)ocn642352241 | ||
| 040 |
_aDLC _cDLC _dYDX _dYDXCP _dCDX _dBWX _dDLC |
||
| 050 | 0 | 0 |
_aGF21 _b.W555 2010 |
| 082 | 0 | 0 |
_a304.28 _222 _bWIL |
| 100 | 1 |
_aWilliams, Chris, _d1966- _924303 |
|
| 245 | 1 | 0 |
_aEcology and Socialism / _cChris Williams. |
| 260 |
_aChicago : _bHaymarket Books, 2010 _c2010. |
||
| 300 |
_a284 p. ; _c18 cm. |
||
| 500 | _aTitle on the cover: Ecology and Socialism: [solutions to capitalist ecological crisis] | ||
| 504 | _aIncludes bibliographical references (p.249-277) and index. | ||
| 650 | 0 |
_aHuman ecology _xPolitical aspects. _924304 |
|
| 650 | 0 |
_aHuman ecology _xEconomic aspects. _924305 |
|
| 650 | 0 |
_aEnvironmental degradation _xEconomic aspects. _924306 |
|
| 650 | 0 |
_aEnvironmental policy. _924307 |
|
| 650 | 0 |
_aCapitalism. _924308 |
|
| 650 | 0 |
_aSocialism. _924309 |
|
| 653 |
_bPol _cMay2011 |
||
| 942 |
_2ddc _cBB |
||
| 999 |
_c15442 _d15442 |
||